Statistiken für Die Größten Städte Deutschlands: Buchstabe B

Klicken Sie hier um das Quiz zu spielen!

Allgemein

  • Dieses Quiz wurde 429 mal gespielt
  • Das Durchschnittsergebnis liegt bei 9 aus 15

Antwortstatistiken

Einwohnerzahl Stadtname % Korrekt
3.520.031Berlin
100%
557.464Bremen
92%
364.742Bochum
87%
333.090Bielefeld
85%
318.809Bonn
85%
251.364Braunschweig
72%
114.025Bremerhaven
70%
117.143Bottrop
62%
73.331Bamberg
62%
71.574Brandenburg an der Havel
51%
54.160Baden-Baden
50%
72.148Bayreuth
50%
111.366Bergisch Gladbach
38%
71.443Bocholt
21%
60.390Bergheim
11%

Verteilung der Resultate

Perzentil nach korrekt beantworteten Fragen

Anzahl Personen mit jedem Resultat

Ihre Resultats-Entwicklung

Sie haben dieses Quiz noch nicht gespielt